000 01407cam a22001934a 4500
005 20250605164125.0
008 250528s ||||||||||||||||||||||||d
035 _a18431
020 _a9609149804
040 _aGR-AtMCL
_bgre
_dGR-AtMCL
_eAACR2
245 1 _aΕισαγωγή στην Επεξεργασία Δεδομένων και τα Πληροφοριακά Συστήματα
260 _c2001
300 _a266
520 _aΠληροφοριακός Τομέας και Οικονομία, Ο Υπολογιστής, Ιστορική Εξέλιξη των Υπολογιστών, Πληροφορία, Αριθμητικά Συστήματα και Δυαδικοί Κώδικες Χαρακτήρων, Επεξεργασία Δεδομένων, Επεξεργασία Αρχείων, Δομή και Λειτουργία Υπολογιστή, Λογισμικό, Γλώσσες Προγραμματισμού, Τηλεπικοινωνίες και Δίκτυα, Τοπικά Δίκτυα: Πρακτικότητες, Θεωρία Συστημάτων, Πληροφοριακά Συστήματα, Οικονομικές Θεωρίες για την Επίδραση της Πληροφοριακής Τεχνολογίας στις Επιχειρήσεις, Ευρετήριο.
700 1 _aΔημητρίου Ιωάννης Κ
_94702
942 _cBK
999 _c3792
_d3792